00294nam a2200109 a 450000500170000000800410001705000180005810000220007624500380009826000420013644000060017820140414131856.0100828s19uu xx 00 eng d aFILbSu7 2001 aAlmario, Virgilio aSundalong patpat :bThin soldier. aManila, Philippines :bAdarna,c2001. a